[Event "Oberliga Nord W9192"]
[Site "Germany"]
[Date "1992.??.??"]
[Round "?"]
[White "Lau, Dietmar"]
[Black "Naumann, Frank"]
[Result "1/2-1/2"]
[WhiteElo "2270"]
[BlackElo "2265"]

1.c4 c5 2.Nc3 Nf6 3.Nf3 g6 4.g3 Nc6 5.Bg2 Bg7 6.O-O O-O 7.d4 cxd4 8.Nxd4 Nxd4
9.Qxd4 d6 10.Qd2 a6 11.b3 Rb8 12.Bb2 b5 13.cxb5 axb5 14.Nd5 Nxd5 15.Bxg7 Kxg7
16.Bxd5 Bb7 17.a4 Bxd5 18.Qxd5 bxa4 19.bxa4 Qb6 20.a5 Qa6 21.Ra2 Rb5 22.Qd3 Ra8
23.Rfa1 h5 24.Qc3+ Kh7 25.Ra4 Rc8 26.Qd3 Ra8 27.Kg2 Qc6+ 28.Qf3 Qxf3+ 29.Kxf3 Ra6
30.R1a3 Kg7 31.Ke3 e5 32.f4 f6 33.Kd3 Rc5 34.e4 Kf7 35.f5 gxf5 36.exf5 d5
37.Rb4 Rcxa5 38.Rb7+ Kg8 39.Rc3 Ra3 40.Rd7 d4 41.Rxa3 Rxa3+ 42.Ke4 Ra2 43.h3 Ra3
44.Kd5 d3 45.Ke4 d2 46.Rxd2 Rxg3 47.Rd6 Kf7 48.Rd7+ Kf8 49.Ra7 Rxh3 50.Kd5 Rb3
51.Rh7 Ra3 52.Rxh5 Kg7 53.Rh4 Ra8 54.Ke6 Re8+ 55.Kd7 Rh8 56.Ra4 Kf7 57.Ra7 Re8
58.Kd6+ Kf8 59.Ra2 e4 60.Kd5 Kg7 61.Kd4 e3 62.Re2 Kh6 63.Rxe3 Rxe3 64.Kxe3 Kg5
65.Ke2 Kxf5 66.Kf3  1/2-1/2

[Event "BL2-S9192"]
[Site "Germany"]
[Date "1992.??.??"]
[Round "?"]
[White "Gschnitzer, Oswald"]
[Black "Maier, Christian"]
[Result "1-0"]
[WhiteElo "2455"]
[BlackElo "2400"]

1.Nf3 c5 2.c4 Nf6 3.Nc3 e6 4.g3 b6 5.Bg2 Bb7 6.O-O d6 7.d4 cxd4 8.Qxd4 Be7
9.Rd1 a6 10.Ng5 Bxg2 11.Kxg2 Nc6 12.Qf4 Ra7 13.Nge4 Rd7 14.b3 O-O 15.Bb2 Ne8
16.Qe3 Ne5 17.h3 Kh8 18.Na4 f5 19.Nxd6 Bxd6 20.Bxe5 Bxe5 21.Rxd7 Qa8+ 22.Qf3 Qxf3+
23.Kxf3 Bxa1 24.Nxb6 Kg8 25.c5 Rf7 26.Rd8 Kf8 27.Ra8 Rc7 28.b4 Ke7 29.Rxa6 Nf6
30.Ra8 Bc3 31.a3 e5 32.Na4 e4+ 33.Kg2 Bd2 34.b5 Kd7 35.c6+ Ke6 36.Nc5+ Kd5
37.Na6 Ba5 38.Nxc7+ Bxc7 39.a4 Kc5 40.Ra7 Nd5 41.Rb7 Ba5 42.Rxg7  1-0

[Event "BL2-N9192"]
[Site "Germany"]
[Date "1992.??.??"]
[Round "?"]
[White "Kalinitschew, Sergey"]
[Black "Tomczak, Rainer"]
[Result "1/2-1/2"]
[WhiteElo "2430"]
[BlackElo "2340"]

1.Nf3 Nf6 2.c4 e6 3.Nc3 c5 4.g3 Nc6 5.Bg2 Be7 6.O-O O-O 7.d4 cxd4 8.Nxd4 d5
9.cxd5 Nxd5 10.Nxd5 exd5 11.Be3 Bg5 12.Bxg5 Qxg5 13.Rc1 Qf6 14.e3 Be6 15.Nxc6 bxc6
16.Rxc6 Qxb2 17.Bxd5 Rfd8 18.Qb3 Qxb3 19.Bxb3 Bxb3 20.axb3 Rdb8 21.Rfc1 g6
22.R1c3 Rb5 23.Ra6 Rb7 24.Kf1 Rab8 25.Ra3 a5 26.Ke2 Rb4 27.Kd3 a4 28.bxa4 Rd8+
29.Ke2 Ra8 30.a5 Rb5 31.a6 Rb6 32.g4 Raxa6 33.Rxa6 Rxa6 34.Rc7 Ra5 35.h4 h5
36.g5 Ra4 37.f4 Ra2+ 38.Kf3 Rh2 39.Kg3 Re2 40.Re7 Re1 41.Re5 Rg1+ 42.Kh2 Rg4
43.Kh3 Kg7 44.Rd5 Kf8 45.Rd1 Ke7 46.Ra1 Kd7 47.Ra6 Ke7 48.Rf6 Rg1 49.f5 gxf5
50.Rxf5 Re1 51.Re5+ Kf8 52.Re4 Kg7 53.Kg3 Rh1 54.Rf4 Re1 55.Kf3 Rf1+ 56.Ke2 Ra1
57.Rd4 Rh1 58.Kd3 Rh3 59.Re4 Rh1 60.Kd4 Rd1+ 61.Ke5 Rd3 62.Kf5 Rd5+ 63.Kf4 Rd1
64.Rd4 Rf1+ 65.Ke5 Re1 66.Ke4 Re2 67.Rc4 Re1 68.Kd4 Re2 69.Kd3 Rh2 70.Rf4 Rh1
71.e4 Ra1 72.e5 Ra3+ 73.Ke4 Ra1 74.Kf5 Re1 75.g6 fxg6+ 76.Ke6 g5 77.Rf7+ Kg8
78.Rf5 gxh4 79.Rxh5 Rh1 80.Ke7 Kg7  1/2-1/2

[Event "NRW-Liga I 9192"]
[Site "Germany"]
[Date "1992.??.??"]
[Round "?"]
[White "Kern, Guido"]
[Black "Molinaroli, Martin"]
[Result "1-0"]
[WhiteElo "2280"]
[BlackElo "2270"]

1.c4 c5 2.Nf3 Nf6 3.Nc3 e6 4.g3 b6 5.Bg2 Bb7 6.O-O Be7 7.Re1 O-O 8.e4 d6
9.d4 cxd4 10.Nxd4 Ne8 11.f4 Nc6 12.Be3 Rc8 13.b3 Nf6 14.Rc1 a6 15.f5 Nxd4
16.Bxd4 Bc6 17.fxe6 fxe6 18.Bh3 Bd7 19.e5 dxe5 20.Rxe5 Rc6 21.Qe2 Re8 22.Rd1 Bf8
23.a4 Qc7 24.Ne4 Nxe4 25.Qxe4 Bc8 26.Rh5 g6 27.Rxh7 Qxh7 28.Qxc6 Bd7 29.Qg2 Qh5
30.g4 Qa5 31.Qe4 Qg5 32.Bxb6 Bc8 33.Bg2 e5 34.h3 Be6 35.Be3 Qf6 36.Rf1 Qg7
37.Kh1 Be7 38.Qc6 Bf7 39.Bd5 Bxd5+ 40.Qxd5+ Kh8 41.Rf7  1-0

[Event "GER-ch qual"]
[Site "Gladenbach"]
[Date "1992.??.??"]
[Round "3"]
[White "Kindl, Peter"]
[Black "Braeuning, Rudolf Wilhelm"]
[Result "1-0"]
[WhiteElo "2305"]
[BlackElo "2310"]

1.Nf3 Nf6 2.c4 e6 3.Nc3 c5 4.g3 d5 5.cxd5 Nxd5 6.Bg2 Nc6 7.O-O Be7 8.d4 O-O
9.e4 Ndb4 10.a3 cxd4 11.axb4 dxc3 12.bxc3 Qc7 13.Be3 Rd8 14.Qe2 Bd7 15.Nd2 e5
16.Rfd1 Be6 17.Bf1 Rac8 18.Qb5 a6 19.Qa4 Nb8 20.Rac1 Rd6 21.c4 Bd7 22.Qa3 Rg6
23.c5 Bc6 24.f3 h5 25.Nc4 Nd7 26.Bf2 Rd8 27.Qb3 Nf8 28.Rxd8 Bxd8 29.Rd1 Ne6
30.Nd6 h4 31.g4 Ng5 32.Kg2 Rf6 33.Be2 Ne6 34.Bxh4 Nf4+ 35.Kf1 Rh6 36.Bxd8 Rxh2
37.Bxc7 Rh1+ 38.Kf2 Rh2+ 39.Kg1  1-0

[Event "Goch op"]
[Site "Goch"]
[Date "1992.??.??"]
[Round "2"]
[White "Zlochevskij, Alexander"]
[Black "Giese, G."]
[Result "1-0"]
[WhiteElo "2450"]
[BlackElo "2040"]

1.Nf3 c5 2.c4 Nf6 3.Nc3 d5 4.cxd5 Nxd5 5.g3 Nc6 6.Bg2 Nc7 7.d3 e5 8.Nd2 Bd7
9.O-O Be7 10.Nc4 f6 11.Qb3 Rb8 12.Be3 b5 13.Nd2 Nd4 14.Bxd4 Be6 15.Qc2 cxd4
16.Nce4 O-O 17.Nc5 Bxc5 18.Qxc5 Rb6 19.Rfc1 Na6 20.Qa3 Qd7 21.Nb3 Rc8 22.Rxc8+ Qxc8
23.Rc1 Qd7 24.Kf1 Bh3 25.Na5 Qd5 26.Rc8+ Kf7 27.f3 Bxg2+ 28.Kxg2 b4 29.Qa4 Qb5
30.Qb3+ Kg6 31.Rf8 Qd7 32.Rh8 Qe6 33.Nc4 Nc5 34.Qc2 b3 35.axb3 Rxb3 36.h4 h5
37.Rd8 Rb4 38.Qd2 Ra4 39.Rd6 Qe7 40.Qg5+ Kf7 41.Qxh5+ Kg8 42.Rc6 Ne6 43.Qf5 Nf8
44.Rc8 Kf7 45.Rb8 Rb4 46.Nxe5+ Kg8 47.Rxb4 Qxb4 48.Nc6 Qxb2 49.Qd5+ Kh7 50.Qh5+ Kg8
51.Ne7+  1-0

[Event "Goch op"]
[Site "Goch"]
[Date "1992.??.??"]
[Round "6"]
[White "Zlochevskij, Alexander"]
[Black "Miezis, Normunds"]
[Result "1/2-1/2"]
[WhiteElo "2450"]
[BlackElo "2360"]

1.Nf3 c5 2.c4 Nf6 3.Nc3 d5 4.cxd5 Nxd5 5.e4 Nb4 6.Bb5+ N4c6 7.d4 cxd4 8.Nxd4 e5
9.Nxc6 Qxd1+ 10.Kxd1 Nxc6 11.Bxc6+ bxc6 12.Be3 Bb4 13.Kc2 O-O 14.Rhd1 f5
15.exf5 Bxf5+ 16.Kd2  1/2-1/2

[Event "Hamburg op"]
[Site "Hamburg"]
[Date "1992.??.??"]
[Round "2"]
[White "Sher, Miron N"]
[Black "Mortensen, Henrik"]
[Result "1-0"]
[WhiteElo "2505"]
[BlackElo "2230"]

1.c4 c5 2.Nf3 Nf6 3.Nc3 e6 4.e3 d5 5.d4 Nc6 6.a3 cxd4 7.exd4 Be7 8.cxd5 Nxd5
9.Bd3 O-O 10.O-O Nf6 11.Re1 b6 12.Bc2 Bb7 13.Qd3 g6 14.Bh6 Re8 15.Rad1 Bf8
16.Bg5 Bg7 17.Qd2 Ne7 18.Ne5 Ned5 19.Nxd5 Qxd5 20.f3 Qd8 21.Qf4 Qe7 22.Qh4 h6
23.Bxh6 Nh7 24.Qxe7 Rxe7 25.Bxg7 Kxg7 26.Ba4 Nf6 27.Rc1 Nd5 28.Kf2 Rc8 29.Rxc8 Bxc8
30.Rc1 Rc7 31.Rxc7 Nxc7 32.f4 Nd5 33.g3 Ne7 34.Be8 f6 35.Nc6 Nxc6 36.Bxc6 Kf7
37.Ke3 Ba6 38.h4 Bf1 39.g4 Bc4 40.g5 Bf1 41.d5 exd5 42.Bxd5+ Ke7 43.Be4 f5
44.Bf3 Bb5 45.h5 gxh5 46.Bxh5 Ke6 47.Kd4 Bc6 48.Bg6 Bb5 49.Ke3 Ba6 50.Kf3 Bb5
51.Kg3 Ba4 52.Kh4 Bd1 53.Be8 Ke7 54.Bh5 Ba4 55.Bg6 Bd7 56.Kh5 Kf8 57.Kh6 Kg8
58.Bh7+ Kf8 59.g6  1-0

[Event "Hamburg-ch"]
[Site "Hamburg"]
[Date "1992.??.??"]
[Round "8"]
[White "Stanke, Juergen"]
[Black "Michaelsen, Nils"]
[Result "1/2-1/2"]
[WhiteElo "2240"]
[BlackElo "2385"]

1.c4 Nf6 2.Nc3 c5 3.Nf3 e6 4.d4 cxd4 5.Nxd4 d5 6.cxd5 Nxd5 7.Ndb5 a6 8.e4 Nb4
9.Qxd8+ Kxd8 10.Na3 b5 11.Be3 Nd7 12.Be2 Bb7 13.O-O Bc5 14.Rad1 Bxe3 15.fxe3 Rf8
16.e5 Ke7 17.Rf4 Nc6 18.Nc2 Ndxe5 19.a4 g5 20.Rff1 bxa4 21.Nxa4 a5 22.Nc5 Bc8
23.Nd4 Rb8 24.b3 Rd8 25.Nxc6+ Nxc6 26.Rxd8 Nxd8 27.Ra1 Nc6 28.Bf3 Rb5 29.Nxe6 Bxe6
30.Bxc6 Re5 31.Ra3 Kd6 32.Ba8 Rb5 33.Be4 Bxb3 34.Bd3 Rb6 35.Rxa5 h6 36.Ra6 Rxa6
37.Bxa6 Ke5 38.Kf2 f5 39.g3 Bd5  1/2-1/2

[Event "Helsinki op"]
[Site "Helsinki"]
[Date "1992.??.??"]
[Round "3"]
[White "Sher, Miron N"]
[Black "Magerramov, Elmar"]
[Result "0-1"]
[WhiteElo "2505"]
[BlackElo "2565"]

1.c4 c5 2.Nf3 Nf6 3.Nc3 e6 4.e3 d5 5.d4 a6 6.cxd5 exd5 7.Be2 Nc6 8.Ne5 Bd6
9.Nxc6 bxc6 10.dxc5 Bxc5 11.O-O Qd6 12.Bf3 h5 13.e4 Ng4 14.g3 d4 15.Ne2 Ne5
16.Nf4 Bg4 17.Bxg4 hxg4 18.h4 d3 19.Kg2 Qd4 20.Qe1 g5  0-1

[Event "Helsinki op"]
[Site "Helsinki"]
[Date "1992.??.??"]
[Round "5"]
[White "Savchenko, Stanislav"]
[Black "Sturua, Zurab"]
[Result "1/2-1/2"]
[WhiteElo "2505"]
[BlackElo "2545"]

1.Nf3 Nf6 2.c4 c5 3.Nc3 e6 4.g3 Nc6 5.Bg2 d5 6.cxd5 Nxd5 7.O-O Be7 8.d4 O-O
9.e4 Ndb4 10.a3 cxd4 11.axb4 dxc3 12.bxc3 b6 13.Bf4 Bb7 14.Qb3 Qc8 15.Nd2 Rd8
16.Rfd1 Rd3 17.Qc4 Qd8 18.Bf1 Rd7 19.Qe2 Bf6 20.e5 Bg5 21.Bxg5 Qxg5 22.Ne4 Rxd1
23.Rxd1 Qe7 24.Nd6 Rf8 25.Nxb7 Qxb7 26.Bg2 Qc8 27.Qb5 Ne7 28.Qd7 Nd5 29.Qxc8 Rxc8
30.Bxd5 exd5 31.Rxd5 h5 32.Rd3 a5 33.Rd6 Rxc3 34.Rxb6 axb4 35.Rxb4 Rc1+ 36.Kg2 Re1
37.Rb5 Kh7 38.h3 g6 39.Kf3 Kg7 40.Kf4 Re2 41.f3 Rh2 42.Rb7 Kg8 43.e6 fxe6
44.h4 Rg2 45.Re7 Kf8 46.Rxe6 Kg7 47.g4 hxg4 48.fxg4 Ra2 49.Re5 Ra4+ 50.Re4 Ra7
51.g5 Rb7 52.Ke5 Ra7 53.Rd4 Re7+ 54.Kd6 Re2 55.Kd7 Re1  1/2-1/2

[Event "Helsinki op"]
[Site "Helsinki"]
[Date "1992.??.??"]
[Round "5"]
[White "Makarov, Marat"]
[Black "Henriksson, Christer"]
[Result "1-0"]
[WhiteElo "2510"]
[BlackElo "2355"]

1.Nf3 c5 2.c4 Nf6 3.Nc3 d5 4.cxd5 Nxd5 5.d4 Nxc3 6.bxc3 e6 7.e4 cxd4 8.cxd4 Bb4+
9.Bd2 Qa5 10.Rb1 Bxd2+ 11.Qxd2 Qxd2+ 12.Kxd2 O-O 13.Bb5 a6 14.Bd3 Rd8 15.Rhc1 Nc6
16.Ke3 Kf8 17.Rb6 f6 18.Bc2 Rb8 19.Bd3 Ra8 20.Rc3 g6 21.Bc2 f5 22.Bb3 fxe4
23.Kxe4 a5 24.a4 h6 25.Rc4 Bd7 26.Ne5 Nxe5 27.Kxe5 Bc6 28.Rc5 Bxg2 29.Bxe6 Bc6
30.d5 Bxa4 31.Rxb7 Be8 32.Rc3  1-0

[Event "Helsinki op"]
[Site "Helsinki"]
[Date "1992.??.??"]
[Round "8"]
[White "Murrey, Jacob"]
[Black "Brodsky, Michail"]
[Result "1/2-1/2"]
[WhiteElo "2500"]
[BlackElo "2540"]

1.c4 Nf6 2.Nc3 c5 3.Nf3 e6 4.d4 cxd4 5.Nxd4 Bb4 6.Nb5 d5 7.cxd5 exd5 8.Bg5 O-O
9.e3 a6 10.a3 Be7 11.Nd4 Nc6 12.Be2 h6 13.Bh4 Qb6 14.Qb3 Qxb3 15.Nxb3 Be6
16.O-O g5 17.Bg3 Ne4 18.Rac1 Bf6 19.Nxe4 dxe4 20.Nc5 Bxb2 21.Rb1 Bxa3 22.Nxe6 fxe6
23.Rxb7 a5 24.Rd1 Rfd8 25.h4 gxh4 26.Bxh4 Rxd1+ 27.Bxd1 Rb8 28.Rxb8+ Nxb8
29.Ba4 Na6 30.Bc6 Kf7 31.Bd8 Bb4  1/2-1/2

[Event "Helsinki op"]
[Site "Helsinki"]
[Date "1992.??.??"]
[Round "8"]
[White "Kuzmin, Gennadi P"]
[Black "Erneste, Inguna"]
[Result "0-1"]
[WhiteElo "2530"]
[BlackElo "2365"]

1.c4 c5 2.Nf3 Nf6 3.Nc3 e6 4.g3 d5 5.cxd5 Nxd5 6.Bg2 Nc6 7.O-O Be7 8.d4 O-O
9.e4 Ndb4 10.d5 exd5 11.exd5 Nd4 12.Ne5 Bf5 13.a3 Bc2 14.Qg4 f5 15.Qh5 Nd3
16.Bf4 Bd6 17.Bg5 Qe8 18.Qxe8 Raxe8 19.Nc4 Be7 20.Bxe7 Rxe7 21.b4 cxb4 22.axb4 Nxb4
23.d6 Rd7 24.Rxa7 Ndc6 25.Rfa1 Nxa7 26.Rxa7 Bd3 27.Ne5 Rxd6 28.Rxb7 Rd4 29.Rxb4 Rxb4
30.Nxd3 Rd4 31.Nf4 Rc8 32.Nfd5 Rc5 33.h4 Kf7 34.Bf1 Rd2 35.h5 g6 36.Kg2 Rc2
37.g4 R2xc3 38.hxg6+ Kxg6 39.gxf5+ Kxf5 40.Nxc3 Rxc3 41.Be2 Kf4 42.Bd1 Rc5
43.Be2 Rg5+ 44.Kh2 h6 45.Kh3 Rg1 46.Kh2 Re1 47.Bh5 Re5 48.Bd1 Rd5 49.Ba4 Rh5+
50.Kg2 Rg5+ 51.Kf1 h5 52.Bd7 h4 53.Be6 Kf3 54.Bd7 Rc5 55.Kg1 Rc2 56.Kh2 Rxf2+
57.Kh3 Kf4 58.Bc8 Rc2 59.Bd7 Rc1 60.Kg2 Rc3 61.Kh2 Rc7 62.Be6 Rc2+ 63.Kh3 Rc3+
64.Kh2 h3 65.Bd7 Rf3 66.Bc6 Rd3 67.Bb5 Rd5 68.Bc4 Rc5 69.Be6 Rc6 70.Bd7 Rc3
71.Be6 Rd3 72.Bc8 Rf3 73.Bd7 Kg5 74.Bxh3 Kh4 75.Be6 Rf2+ 76.Kg1 Kg3 77.Bg8 Rf6
78.Bh7 Rh6 79.Bd3 Rd6 80.Be2  0-1

[Event "Holguin+"]
[Site "Holguin"]
[Date "1992.??.??"]
[Round "?"]
[White "Armas, Jorge"]
[Black "Gomez, Adalberto"]
[Result "1-0"]
[WhiteElo "2400"]
[BlackElo "2325"]

1.Nf3 c5 2.c4 Nf6 3.Nc3 e6 4.d4 d5 5.cxd5 exd5 6.Bg5 Be6 7.e3 Nc6 8.Bb5 Be7
9.dxc5 Bxc5 10.O-O O-O 11.Rc1 Be7 12.Nd4 Rc8 13.Na4 Nxd4 14.Qxd4 a6 15.Rxc8 Qxc8
16.Bd3 h6 17.Bh4 Qc6 18.Bb1 Qc4 19.b3 Qxd4 20.exd4 Rc8 21.f3 Ba3 22.Bxf6 gxf6
23.Kf2 b5 24.Nc5 Bxc5 25.dxc5 Rxc5 26.Ke3 Rc3+ 27.Kd4 b4 28.f4 f5 29.Bd3 Kf8
30.Rf2 Ke7 31.Bxa6 Kd6 32.Bd3 Rc1 33.Rf1 Rc8 34.Re1 Ra8 35.Re2 Ra5 36.Rc2 Bd7
37.Be2 Be6 38.Bf3 Bd7 39.h3 Be6 40.g4 f6 41.Bd1 Bd7 42.Be2 Be6 43.Bd3 fxg4
44.f5 Bf7 45.hxg4 h5 46.gxh5 Bxh5 47.Rh2 Bf7 48.Rh8 Rxa2 49.Rb8 Rf2 50.Rb6+ Ke7
51.Rb7+ Kf8 52.Rxb4 Be8 53.Rb7 Rf4+ 54.Kxd5 Rf3 55.Kd4 Bc6 56.Rc7 Be8 57.b4 Rf4+
58.Be4 Rg4 59.Rc4 Bb5 60.Rc5 Bd7 61.b5 Ke7 62.b6 Rg8 63.b7 Kd6 64.Ra5 Kc7
65.Ra8 Rb8 66.Ra5 Kb6 67.Ra1 Bxf5 68.Bxf5 Rd8+ 69.Kc4 Kxb7 70.Kc5 Kc7 71.Rh1 Rd2
72.Rh7+ Kd8 73.Be6 f5 74.Bd5 f4 75.Kd6 Re2 76.Ra7 Rc2 77.Rd7+ Kc8 78.Rf7 Kb8
79.Rxf4 Ka7 80.Bc6 Kb6 81.Rb4+ Ka5 82.Rb5+ Ka6 83.Kc7 Rc4 84.Re5 Rc3 85.Re8 Ka5
86.Re4 Ra3 87.Rc4 Ra2 88.Be8 Ra3  1-0

[Event "HUN-chT"]
[Site "HUN"]
[Date "1992.??.??"]
[Round "?"]
[White "Gyurkovics, Miklos"]
[Black "Hradeczky, Tamas"]
[Result "0-1"]
[WhiteElo "2260"]
[BlackElo "2245"]

1.c4 Nf6 2.Nc3 c5 3.Nf3 e6 4.e3 b6 5.d4 cxd4 6.exd4 Bb7 7.a3 d6 8.Bd3 Be7
9.O-O Nbd7 10.Re1 O-O 11.Qe2 Re8 12.Bf4 a6 13.Rad1 Bf8 14.Ne5 dxe5 15.dxe5 Qc7
16.exf6 Qxf4 17.Bxh7+ Kxh7 18.Rxd7 Bc6 19.Rxf7 Kg6 20.Re7 Bxe7 21.fxe7 Rxe7
22.Qd3+ Kf7  0-1

[Event "HUN-chT"]
[Site "HUN"]
[Date "1992.??.??"]
[Round "?"]
[White "Lengyel, Ferenc"]
[Black "Varnusz, Egon"]
[Result "1/2-1/2"]
[WhiteElo "2280"]
[BlackElo "2355"]

1.Nf3 Nf6 2.c4 e6 3.Nc3 c5 4.d4 cxd4 5.Nxd4 Bb4 6.Qc2 O-O 7.e3 b6 8.Bd3 Bb7
9.O-O Be7 10.Ne4 g6 11.b3 Nc6 12.Nxc6 Bxc6 13.Bb2 Nxe4 14.Bxe4 Bxe4 15.Qxe4 Bf6
16.Bxf6 Qxf6 17.Rad1 Qb2 18.Rxd7 Qxa2 19.Qd3 a5 20.h4 a4 21.bxa4 Rxa4 22.Rd4 h5
23.Rd1 Rb4 24.Qe4 Rb2 25.Qf3 Rb1 26.Qc6 Rxd1+ 27.Rxd1 Qe2 28.Rb1 Kg7 29.Qc7 Ra8
30.Qe5+ Kg8 31.Qd4 Rc8 32.Qxb6  1/2-1/2

[Event "HUN-chT"]
[Site "HUN"]
[Date "1992.??.??"]
[Round "?"]
[White "Gyurkovics, Miklos"]
[Black "Madl, Ildiko"]
[Result "0-1"]
[WhiteElo "2260"]
[BlackElo "2375"]

1.c4 Nf6 2.Nc3 c5 3.Nf3 g6 4.d4 Bg7 5.e4 O-O 6.Be2 d6 7.O-O Nc6 8.d5 Na5
9.a3 b6 10.b4 Nb7 11.Bg5 Bg4 12.Nd2 Bxe2 13.Qxe2 Nd7 14.Rfc1 cxb4 15.axb4 a5
16.bxa5 bxa5 17.Ra2 Ndc5 18.Nb5 Qd7 19.f4 e6 20.Qf3 exd5 21.exd5 Rfe8 22.Bh4 f5
23.h3 a4 24.Re1 Rxe1+ 25.Bxe1 Na5 26.Bf2 Nxc4 27.Nxc4 Qxb5 28.Nxd6 Qb1+ 29.Kh2 Qxa2
30.Bxc5 Qb3  0-1

[Event "HUN-chT"]
[Site "HUN"]
[Date "1992.??.??"]
[Round "6"]
[White "Mate, Laszlo"]
[Black "Pogats, Jozsef"]
[Result "1/2-1/2"]
[WhiteElo "2295"]
[BlackElo "2290"]

1.c4 c5 2.Nf3 Nf6 3.Nc3 e6 4.d4 cxd4 5.Nxd4 a6 6.g3 Qc7 7.Qd3 Nc6 8.b3 Nxd4
9.Qxd4 Bc5 10.Qd3 b6 11.Bg2 Bb7 12.e4 O-O 13.O-O Bc6 14.a3 Be7 15.Bf4 d6
16.Rad1 Rfd8 17.Rfe1 Ng4 18.Qe2 Ne5 19.Bc1 Bf8 20.Bb2 Rab8 21.a4 Qb7 22.Bf1 Be8  1/2-1/2

[Event "Iraklion op"]
[Site "Iraklion"]
[Date "1992.??.??"]
[Round "4"]
[White "Bartels, Hans A"]
[Black "Palatnik, Semon"]
[Result "0-1"]
[WhiteElo "2350"]
[BlackElo "2510"]

1.c4 c5 2.Nf3 Nf6 3.Nc3 d5 4.cxd5 Nxd5 5.g3 Nc6 6.Bg2 e6 7.O-O Be7 8.d4 O-O
9.e4 Nb6 10.d5 exd5 11.exd5 Nb4 12.Ne1 Bf6 13.Be3 Bxc3 14.bxc3 N4xd5 15.Bxc5 Re8
16.Qd4 Be6 17.Nd3 Qc7 18.c4 Nf6 19.Nf4 Bxc4 20.Rfe1 Rac8 21.Bd6 Rcd8 22.Red1 Qd7
23.Rac1 Bxa2 24.Qa1 Bb3 25.Rd3 Bc4 26.Rd4 Ba6 27.Rc7 Qf5 28.Rc5 Qd7 29.Bh3 Qxd6
30.Rxd6 Rxd6 31.Bf1 Red8 32.Rc1 Nc4 33.Bxc4 Bxc4 34.Qxa7 b5 35.h3 h6 36.Qc5 Ne4
37.Qe3 Nd2 38.f3 Nb3 39.Re1 Nd4 40.Rc1 g5 41.Ng2 Ne2+ 42.Kh2 Re6 43.Qa3 Nxc1
44.Qxc1 Re2 45.Kg1 Rd3 46.Qa1 Rdd2 47.Ne1 Rf2 48.Qa8+ Kg7 49.Qa1+ Kh7  0-1

[Event "Iraklion op"]
[Site "Iraklion"]
[Date "1992.??.??"]
[Round "8"]
[White "Conquest, Stuart"]
[Black "Kalesis, Nikolaos"]
[Result "1-0"]
[WhiteElo "2505"]
[BlackElo "2315"]

1.c4 c5 2.Nf3 Nf6 3.Nc3 b6 4.e4 d6 5.d4 cxd4 6.Nxd4 Bb7 7.Qe2 e6 8.g3 a6
9.Bg2 Be7 10.O-O Qc7 11.Be3 Nbd7 12.Rac1 O-O 13.g4 Nc5 14.Bd2 g6 15.Nc2 b5
16.b4 Na4 17.Nxa4 bxa4 18.Ne1 Rac8 19.Nd3 Qb8 20.g5 Nd7 21.Rc2 Rc7 22.Rfc1 Rfc8
23.a3 Bf8 24.Bf4 Qa8 25.f3 a5 26.b5 Be7 27.h4 Re8 28.Bh3 Rcc8 29.Qf2 Nc5
30.Nxc5 Rxc5 31.Be3 Rcc8 32.Bd4 Qb8 33.Kg2 Bf8 34.Rd1 Qc7 35.Bb6 Qb8 36.Bxa5 Bg7
37.Bc3 Rxc4 38.Bxg7 Rxc2 39.Qxc2 Kxg7 40.Qxa4 d5 41.Qd4+ e5 42.Qb6 Qa8 43.Bd7 Rb8
44.h5 Kg8 45.hxg6 hxg6 46.Rh1  1-0

[Event "Karvina op"]
[Site "Karvina"]
[Date "1992.??.??"]
[Round "3"]
[White "Shtyrenkov, Veniamen"]
[Black "Kaiumov, Dmitry D"]
[Result "1/2-1/2"]
[WhiteElo "2440"]
[BlackElo "2385"]

1.c4 Nf6 2.Nc3 c5 3.Nf3 e6 4.e4 Nc6 5.Be2 d5 6.exd5 exd5 7.d4 Be6 8.Qa4 dxc4
9.dxc5 Bxc5 10.Ng5 Bd7 11.Qxc4 Qe7 12.O-O O-O  1/2-1/2

[Event "Karvina op"]
[Site "Karvina"]
[Date "1992.??.??"]
[Round "3"]
[White "Belov, Igor"]
[Black "Hudecek, Jan"]
[Result "1-0"]
[WhiteElo "2440"]
[BlackElo "2305"]

1.Nf3 Nf6 2.c4 c5 3.Nc3 d5 4.cxd5 Nxd5 5.d4 cxd4 6.Qxd4 Nxc3 7.Qxc3 Nc6 8.e4 Bg4
9.Bb5 Rc8 10.Be3 a6 11.Rd1 Qc7 12.Ba4 b5 13.Bb3 e6 14.O-O Bxf3 15.gxf3 Qe5
16.Qxe5 Nxe5 17.Rc1 Rxc1 18.Rxc1 Kd7 19.f4 Nc6 20.f5 exf5 21.exf5 Ne5 22.f4 Ng4
23.Bb6 Bd6 24.Bxf7 Bxf4 25.Be6+ Ke7 26.Rc6 Bxh2+ 27.Kg2 Be5 28.Kf3 h5 29.Bc5+ Kf6
30.b4 Kg5 31.Rxa6 h4 32.f6 Nxf6 33.Be3+ Kg6 34.Bh3 Rd8 35.Rb6 Rd3 36.Ke2 Ra3
37.Rxb5 Rxa2+ 38.Kf3 Bg3 39.Bf5+ Kf7 40.Rb7+ Kf8 41.Bc5+ Ke8 42.Re7+ Kd8
43.Rxg7 Ra3+ 44.Ke2 Nh5 45.Bb6+ Ke8 46.Bg6+ Kf8 47.Rf7+ Kg8 48.Bxh5 h3 49.Ra7 h2
50.Bf7+ Kf8 51.Bc5+ Kg7 52.Bd5+ Rxa7 53.Bxa7 Kf6 54.Kd3 Ke7 55.Kc4 Kd7 56.Kb5 Be1
57.Bb8 Kc8 58.Bxh2  1-0

[Event "Karvina op"]
[Site "Karvina"]
[Date "1992.??.??"]
[Round "9"]
[White "Belov, Igor"]
[Black "Zagorskis, Darius"]
[Result "0-1"]
[WhiteElo "2440"]
[BlackElo "2440"]

1.Nf3 Nf6 2.c4 c5 3.Nc3 d5 4.cxd5 Nxd5 5.d4 Nxc3 6.bxc3 g6 7.e3 Bg7 8.Bb5+ Bd7
9.a4 Qa5 10.Rb1 cxd4 11.exd4 Bxb5 12.Rxb5 Qxc3+ 13.Bd2 Qc7 14.Qb3 b6 15.O-O O-O
16.Rc1 Qb7 17.Bf4 Rc8 18.Ng5 Rxc1+ 19.Bxc1 e6 20.Qh3 h6 21.Nf3 h5 22.g4 hxg4
23.Qxg4 Nd7 24.Bg5 Rc8 25.h4 Rc3 26.Be3 Nf6 27.Qg2 Ra3 28.Rb1 Nh5 29.Rc1 Rxa4
30.Qh3 Ra3 31.Qg4 Nf6 32.Qf4 Nh5 33.Qg4 Ra5 34.Ng5 Rd5 35.Qg2 Qd7 36.Qh2 e5
37.Kh1 f6 38.Nf3 Qg4 39.Qg2 Qxg2+ 40.Kxg2 e4 41.Rc8+ Kh7 42.Nd2 f5 43.f3 f4
44.fxe4 fxe3 45.Nf3 Rd7 46.Ng5+ Kh6 47.e5 Nf4+ 48.Kf3 e2 49.Kf2 Rxd4  0-1

[Event "Karvina op"]
[Site "Karvina"]
[Date "1992.??.??"]
[Round "9"]
[White "Burmakin, Vladimir"]
[Black "Brodsky, Michail"]
[Result "1-0"]
[WhiteElo "2375"]
[BlackElo "2540"]

1.c4 Nf6 2.Nc3 c5 3.Nf3 e6 4.g3 b6 5.Bg2 Bb7 6.O-O Be7 7.d4 cxd4 8.Nb5 a6
9.Nbxd4 Qc7 10.b3 d6 11.Bb2 Nbd7 12.Rc1 O-O 13.Ne1 Rac8 14.Qd2 Rfe8 15.Bxb7 Qxb7
16.Nef3 g6 17.Rfd1 Bf8 18.Nc2 Red8 19.Qf4 Be7 20.Ne3 e5 21.Qh6 b5 22.Ba3 b4
23.Bb2 Re8 24.Ng5 Bf8 25.Qh3 h6 26.Nf3 Rc5 27.Nd2 Ra5 28.Ra1 h5 29.Qg2 e4
30.Nd5 Nxd5 31.Nxe4 f5 32.Ng5 Rxe2 33.Bd4 Qa8 34.Qf3 Re8 35.cxd5 Qxd5 36.Qf4 Qb5
37.Nf3 Ne5 38.Bxe5 dxe5 39.Qg5 Qc6 40.Nh4 Kf7 41.Rac1 Qf6 42.Rc7+ Re7 43.Qc1 e4
44.Rc6 Qe5 45.Nxg6 Qb5 46.Nxe7  1-0

[Event "Katowice op"]
[Site "Katowice"]
[Date "1992.??.??"]
[Round "4"]
[White "Gleizerov, Evgeny"]
[Black "Arbakov, Valentin"]
[Result "1-0"]
[WhiteElo "2525"]
[BlackElo "2450"]

1.Nf3 Nf6 2.c4 c5 3.Nc3 e6 4.g3 b6 5.Bg2 Bb7 6.d4 cxd4 7.Qxd4 d6 8.Bg5 Nbd7
9.Nb5 h6 10.Bxf6 Nxf6 11.Rd1 Rc8 12.O-O Qd7 13.b3 Bxf3 14.Bxf3 Rd8 15.a4 Be7
16.a5 bxa5 17.Qxa7 Qxa7 18.Nxa7 d5 19.Nc6 Rd6 20.cxd5 exd5 21.Rc1 Kd7 22.Nd4 Rb6
23.Rfd1 g6 24.Rd3 Bd6 25.Ra1 Ra8 26.Nc2 Bc5 27.Bxd5 Nxd5 28.Rxd5+ Kc6 29.Rd3 Rb5
30.b4 Bb6 31.Rc1 Re5 32.Na3+ Kb7 33.Rd7+ Ka6 34.b5+ Rxb5 35.Nxb5 Kxb5 36.Rb1+ Kc6
37.Rxf7 Bd4 38.e3 Bh8 39.Rbb7 Be5 40.Ra7 Rxa7 41.Rxa7 Bc3 42.e4 Kb5 43.Kf1 a4
44.Ke2 Bd4 45.Ra8 Kb4 46.f4 a3 47.Kd3  1-0

[Event "Katowice op"]
[Site "Katowice"]
[Date "1992.??.??"]
[Round "6"]
[White "Panchenko, Alexander N"]
[Black "Tregubov, Pavel V"]
[Result "1/2-1/2"]
[WhiteElo "2460"]
[BlackElo "2385"]

1.c4 Nf6 2.Nf3 c5 3.Nc3 e6 4.g3 b6 5.Bg2 Bb7 6.O-O Nc6 7.e4 Qb8 8.d4 cxd4
9.Nxd4 Nxd4 10.Qxd4 Bd6 11.Qd3 Be5 12.b3 Qd6 13.Qxd6 Bxd6 14.Re1 Be5 15.Bb2 g5
16.Rab1 d6 17.Nb5 Ke7 18.Ba3 Ne8 19.Rbd1 g4 20.Re2 a6 21.Nd4 Bxd4 22.Rxd4 e5
23.Rd3 h5 24.f4 gxf3 25.Rxf3 Bc8 26.Rd3 Be6 27.Red2 Rd8 28.c5 bxc5 29.Bxc5 h4
30.Ba3 hxg3 31.hxg3 Rh6 32.Rc2 Rc8 33.Rdc3 Rxc3 34.Rxc3 Kd7 35.Bb4 Ng7 36.a4 Bh3
37.Bf3 Ne6 38.Be2 Ng5 39.Re3 f5 40.exf5 Bxf5 41.Bxa6 Be4 42.Rc3 Nf3+ 43.Kf1 Rh1+
44.Ke2 Nd4+  1/2-1/2

[Event "Kecskemet3"]
[Site "Kecskemet"]
[Date "1992.??.??"]
[Round "1"]
[White "Vadasz, Laszlo"]
[Black "Bilek, Istvan"]
[Result "1/2-1/2"]
[WhiteElo "2325"]
[BlackElo "2345"]

1.Nf3 Nf6 2.c4 c5 3.Nc3 e6 4.g3 d5 5.cxd5 Nxd5 6.Bg2 Nc6 7.O-O Be7 8.d4 O-O
9.e4 Nxc3 10.bxc3 b6 11.d5 Na5 12.Bf4 exd5 13.exd5 Bd6 14.Qc1  1/2-1/2

[Event "JUG-ch"]
[Site "Kladovo"]
[Date "1992.??.??"]
[Round "6"]
[White "Tosic, Miroslav"]
[Black "Nestorovic, Dejan"]
[Result "0-1"]
[WhiteElo "2435"]
[BlackElo "2335"]

1.Nf3 Nf6 2.c4 g6 3.Nc3 c5 4.d4 cxd4 5.Nxd4 Bg7 6.e4 d6 7.Be2 O-O 8.O-O Nc6
9.Nc2 b6 10.Be3 Bb7 11.Qd2 Qc8 12.f3 Nd7 13.Rac1 f5 14.exf5 gxf5 15.b3 f4
16.Bf2 Nde5 17.Nd5 Qf5 18.Nd4 Qf7 19.Nxc6 Bxc6 20.Nc7 Rad8 21.Bd4 Kh8 22.a4 Nxf3+
23.Bxf3 Bxd4+ 24.Qxd4+ e5 25.Qd3 Qxc7 26.Bd5 Rf6 27.b4 a5 28.Qd2 Bxa4 29.b5 Qc5+
30.Kh1 Bb3 31.Rf3 a4 32.g3 Qd4 33.Rd3 Qc5 34.Rf3 Qd4 35.Rd3 Qc5 36.Qg2 Rg6
37.Qd2 Rf8 38.Be4 Rgf6 39.g4 Bxc4 40.Rh3 R6f7 41.g5 d5 42.Bb1 Qe7 43.g6 Rg7
44.Re1 e4 45.Qc3 Qf6  0-1